000 00504nam a2200169Ia 4500
999 _c8749
_d8749
003 OSt
005 20201009110924.0
008 190216s9999||||xx |||||||||||||| ||und||
040 _coclc
082 _a004
_bKOR/C
100 _aKoroth, Abdul Assis
_91079
245 0 _aComputer Applications /
_cAbdul Assis Koroth
260 _bCalicut University Central Co-Operative,
_c1999.
_aCalicut:
300 _a336p
650 _aComputer Science
942 _cBK
_2ddc
_h004
_iKOR/C
_k004
_mKOR/C